| 000 | 00966 a2200241 4500 | ||
|---|---|---|---|
| 020 | _a0471137529 | ||
| 040 |
_aDLC _bDLC |
||
| 082 | 0 | 0 | _a658.478 |
| 245 | 0 | 0 |
_aInternet security for business _cTerry Bernstein |
| 260 |
_aNew York : _bWiley, _cc1996. |
||
| 300 |
_axi, 452 p. : _bill. ; _c24 cm. |
||
| 500 | _aIncludes index. | ||
| 650 | 0 |
_aBusiness enterprises _xComputer networks _xSecurity measures. |
|
| 650 | 0 |
_aInternet _xSecurity measures. |
|
| 650 | 0 |
_aWorld Wide Web _xSecurity measures. |
|
| 650 | 0 |
_aElectronic funds transfers _xSecurity measures. |
|
| 650 | 0 | _aData encryption (Computer science) | |
| 700 | 1 | _aBernstein, Terry. | |
| 856 | 4 | 2 |
_3Contributor biographical information _uhttp://www.loc.gov/catdir/bios/wiley041/96002344.html |
| 856 | 4 | 2 |
_3Publisher description _uhttp://www.loc.gov/catdir/description/wiley032/96002344.html |
| 856 | 4 | 2 |
_3Table of Contents _uhttp://www.loc.gov/catdir/toc/onix03/96002344.html |
| 942 |
_cBK _k658.478 BER _2ddc |
||
| 999 |
_c8833 _d8833 |
||